Múzeum ponúka dizajnové vychytávky

Bibliographic Details
Format: Article
Language:Slovak
PhysicalDescription:Fotogr.
ISSN:1335-4566
Subjects:

MARC

LEADER 00000nab a2200000 a 4500
001 vtls010287005
003 SK-MaSNL
005 20260303234405.0
008 171108c2011 xo drz 0 0slo
038 |a KEVKJB 
040 |a KEVKJB  |b slo  |c KEVKJB  |e AACR2 
041 0 |a slo 
044 |a xo  |c SK 
080 |a 069.02:7.05  |2 2001 
080 |a 7.05  |2 2001 
245 0 0 |a Múzeum ponúka dizajnové vychytávky  |c [autor] (nit) 
300 |b Fotogr. 
610 2 7 |a Slovenské technické múzeum  |2 kevkjb  |9 29556 
611 2 7 |a Dizajn  |g výstava  |d (2011 :  |c Košice, Slovensko)  |2 kevkjb  |9 1271951 
650 0 7 |a výstavy  |2 kevkjb  |9 2780 
651 7 |a Košice (Slovensko)  |2 kevkjb  |9 18694 
773 0 |t Košický Korzár  |g Roč. XIV., č. 141 (18.6.2011), s. 5  |x 1335-4566 
852 |a KEVKJB  |b KIS3GCP 
999 |c 2520621  |d 2522551